01004nam a22002057a 4500003000800000008004100008037000800049040003500057041000800092080001300100100003400113245025500147260007000402300002100472502013500493650008700628655001800715700003000733710003500763BI-BuBU260623b2025 bd fr|||| 000 0 fre d bdon aBI-BuBUbfrecBI-BuBUdBI-BuBU0 afre a372.857 1 4Aut.aSabokwikugura,Diomède10aEvaluation de la pratique de la pédagogie de l' intégration par les enseignants des Sciences bioloquesbcas de la 3e année PF BCST dans la DPE Bujumbura Mairie et Gitega (centre urbain )cDiomède Sabokwikugura ;charles Niyonkuru ,directeur aBujumburabUniversité du Burundi,Ecole Normale Superieur c2025 aXI-73 f.c30 cm. aMémoire présenté et soutenu publiquement en vue de l'obtention du diplôme de master en didactique des sciences biologiques 72BI-BuBUaEnseignement xScience biologiquexElaborationxSituation d'intégration 72BI-BuBUabook1 4dir.aNiyonkuru ,charles 1 4aut.aEcole Normale Superieur